Vekové zloženie obyvateľstva Slovenskej republiky 2011

Guardado en:
Detalles Bibliográficos
Formato: Libro
Lenguaje:eslovaco
Publicado: Bratislava Štatistický úrad Slovenskej republiky 2012
Colección:Demografia a sociálna štatistika
Materias:
Etiquetas: Agregar Etiqueta
Sin Etiquetas, Sea el primero en etiquetar este registro!

MARC

LEADER 00000nlm a2200000 4500
001 0206227
005 20260223072816.9
041 0 |a slo 
044 |a SK 
245 1 0 |a Vekové zloženie obyvateľstva Slovenskej republiky 2011 
264 1 |a Bratislava  |b Štatistický úrad Slovenskej republiky  |c 2012 
300 |a 500 s. 
490 1 |a Demografia a sociálna štatistika 
830 0 |a Demografia a sociálna štatistika 
500 |a Zdroj dokumentu: Štatistický úrad SR 
610 2 0 |a Slovensko 
610 2 0 |a obyvateľstvo 
610 2 0 |a štruktúra obyvateľstva 
610 2 0 |a vek